Речник по мениджмънт (Запис номер 189677)
[ съкратено ]
| 000 -Лидер | |
|---|---|
| Контролно поле с фиксирана дължина | 01881nam a2200385 c 4500 |
| 003 - Код на организацията, давaща контролен номер | |
| Контролно поле | BLK |
| 005 - Дата и час на последна редакция | |
| Контролно поле | 20180421000605.0 |
| 008 - Елементи от данни с фиксирана дължина | |
| fixed length control field | 180411b bul|||||r ||||||| ||bul|| |
| 010 ## - Наследен системен номер | |
| LC control number | KNG00198723000 |
| 020 ## - Международен стандартен номер на книга ISBN | |
| Международен стандартен номер на книга ISBN | 978-619-90480-0-9 |
| -- | издат.: Славина Петровска |
| 040 ## - Източник на каталожния запис | |
| Идентификатор на билиотеката - собственик на записа | BLK |
| 041 ## - Код за език | |
| Код за езика на текст/звукозапис или на отделно заглавие | Български |
| Код за езика КДБФ | Български |
| 072 #7 - Код за тематичната категория | |
| Код организация | bullib |
| Код за тематична категория | Н6201 |
| Текст | Мениджмънт Н |
| 080 ## - УДК | |
| Текстов определител УДК | Методи на управление. Мениджмънт. Анализи, планиране, ръководство, сътрудничество, контрол, коопериране и др. |
| УДК код - определител по УДК | 005.5 |
| УДК определител | (038.1) |
| УДК - код + определител | 005.5(038.1) |
| 080 ## - УДК | |
| Текстов определител УДК | Различни категории думи |
| УДК код - определител по УДК | 81`373.4 |
| УДК определител | :65.012 |
| УДК - код + определител | 81`373.4:65.012 |
| 100 1# - Редна дума - Автор | |
| Автор | Петровски, Иван |
| Авторска отговорност | първи автор |
| R(LIN) | 261009 |
| 139 ## - Редно поле | |
| Редна дума | Петровски, Иван |
| Авторски знак | Петро - П 47 |
| 245 10 - Сведения за заглавието | |
| Заглавие | Речник по мениджмънт |
| Подзаглавни данни | Указ. на осн. термини, терминологични съчетания и изрази, използвани в организационния мениджмънт (ОМ) |
| Редно поле (дума) | Иван Петровски. |
| 257 ## - Страна на издаване | |
| Страна на създаване/издаване | България |
| 260 ## - Област на издателските данни | |
| -- | София |
| Име на издателя, разпространителя и проч. | Славина Петровска |
| Година на издаване | 2015 |
| Печатница | София : ПК |
| 300 ## - Физическа характеристика | |
| Страници | 416 с. |
| Размери/Мащаб | 21 см |
| 380 ## - Жанр | |
| Жанр | Езикознание. Филология |
| 500 ## - Общи забележки | |
| Забележка | Съдържа и за авт. - Азб. показалец на осн. термини. |
| 650 #4 - Допълнително описание по предмет – тема | |
| Основно описание – тема или топоним | Управление и организация - терминология - речници |
| 9 (RLIN) | 344921 |
| 650 #4 - Допълнително описание по предмет – тема | |
| Основно описание – тема или топоним | Мениджмънт |
| 9 (RLIN) | 161870 |
| 653 ## - Ключова дума – ненормативна | |
| Ключова дума | мениджмънт |
| 653 ## - Ключова дума – ненормативна | |
| Ключова дума | управление |
| 653 ## - Ключова дума – ненормативна | |
| Ключова дума | терминологични речници |
| 659 ## - Тематичен бюлетин | |
| Тематичен бюлетин | Н |
| 852 ## - Местоположение | |
| Форматна сигнатура | Цб 283793 |
| 856 4# - Електронен адрес и достъп | |
| Електронен формат | pdf - файл |
| Път до файла /url/ | |
| 856 4# - Електронен адрес и достъп | |
| Електронен формат | pdf - файл |
| Път до файла /url/ | |
| 942 ## - АРТИКУЛИ | |
| Вид на библиотечния материал | Книги |
| Скрит в OPAC | Не |
| 944 ## - СЪЗДАВАНЕ И РЕДАКЦИЯ на ЗАПИСА | |
| Създаване/Редакция | Създаване |
| Дата на регистрацията/редакция | 21.12.2016 |
| Статус, дата на статуса | ф / |
| Служител, извършил регистрацията/редакцията | Виолета_Тройчева |
| 944 ## - СЪЗДАВАНЕ И РЕДАКЦИЯ на ЗАПИСА | |
| Създаване/Редакция | Редакция |
| Дата на регистрацията/редакция | 07.02.2017 |
| Статус, дата на статуса | ф / |
| Служител, извършил регистрацията/редакцията | Людмила_Стоянова |
| 999 ## - СИСТЕМНИ КОНТРОЛНИ НОМЕРА | |
| Koha biblionumber | 189677 |
| Koha biblioitemnumber | 189677 |
| Код за отписване | Код за изгубен артикул | Източник на класификационната схема | Код за повреда | Коз за рестрикции | Код за отдаване | Артикулен № | Име на библиотеката - собственик | Име на библиотеката, в която се намира в момента | Статус (Текущо местоположение) | Дата на вписване в системата | Местоположение - отдел | Цена в лева | Инвентарен номер | Систематично азбучна сигнатура | Баркод | Номер на екземпляра | Цена в евро | Служебна бележка | Служебен тип на артикула |
|---|---|---|---|---|---|---|---|---|---|---|---|---|---|---|---|---|---|---|---|
| Не е изгубен | Universal Decimal Classification | Не е повреден | без рестрикции | ползва се в читалня | 333829 | Регионална библиотека "Любен Каравелов" Русе | Регионална библиотека "Любен Каравелов" Русе | Читалня - справочен фонд | 2016-12-21 | Читалня | 24.00 | 120000807009 | СЧ 65/П 47 | 120000807009 | 1 | 12.27 | Дост: Pk Вид: Ф N: 475 Дата: 19.12.2016 Дата инв: 23.03.2017 Бележки инв: СЧ2017 | Книги |